000 00361nam a2200133Ia 4500
005 20260328104246.0
008 260328s9999||||xx |||||||||||||| ||und||
100 _aMorales Hendry, Carlos
245 0 _aTeodoro González de León :
_b La voluntad del creador /
_cCarlos Morales Hendry
260 _bEscala
300 _a255 p.
650 _aMEXICO
942 _cBK
999 _c10056
_d10056